000 00451nam a2200181 i 4500
001 bg
100 1 _aMOLENDA, Jacek.
245 0 _aTechnologia chemiczna /
_cJacek Molenda.
250 _aWyd.5 popr.
260 _aWarszawa :
_bWSiP,
_c1982.
650 9 _aTechnologia chemiczna
655 _aPodręczniki akademickie
040 _cBPK
041 _apol
080 _a66.01/.09(075.8)
942 _cKS
008 s pl f |000 0 pol
999 _c10064
_d10064
856 _uhttp://koha.tu.koszalin.pl/cgi-bin/koha/opac-detail.pl?biblionumber=10064
_yKatalog online BPK